Etiqueta de registo: 00000nam 2200025 450
001 2078928
003 http://id.bnportugal.gov.pt/bib/catbnp/2078928
010 ## $a978-972-40-9842-5
021 ## $aPT$b489275/21
100 ## $a20211228d2021 k y0pory01030103ba
101 0# $apor
102 ## $aPT
105 ## $ay z 000yy
106 ## $ar
200 1# $aDireito comercial$fPaulo Ramirez
205 ## $a3ª ed
210 #9 $aCoimbra$cAlmedina,$d2021
215 ## $a321 p.$d23 cm
225 2# $aDireito para economistas, gestores e marketeers
675 ## $a347.7(469)$vBN$zpor$31011023
675 ## $a347$vBN$zpor$3288035
700 #1 $aRamirez,$bPaulo$3181945
801 #0 $aPT$bBN$gRPC
856 41 $uhttp://rnod.bnportugal.gov.pt/ImagesBN/winlibimg.aspx?skey=&doc=2078928&img=159006&save=true
900 ## $aBIBNAC$d20220104
966 ## $lBN$mFGMON$sS.C. 156745 V.$x1
966 ## $lBN$mFGMON$sS.C. 156745 V.-D$x1
971 ## $casantos$d20220104
972 ## $e0$d20220104$vasantos
Etiqueta de registo: 00000nam 2200025 450
001 2027654
003 http://id.bnportugal.gov.pt/bib/catbnp/2027654
010 ## $a978-972-40-8100-7
021 ## $aPT$b461618/19
100 ## $a20190820d2019 k y0pory01030103ba
101 0# $apor
102 ## $aPT
105 ## $ay z 000yy
106 ## $ar
200 1# $aDireito comercial$fPaulo Ramirez
205 ## $a2ª ed
210 #9 $aCoimbra$cAlmedina,$d2019
215 ## $a309 p.$d23 cm
225 2# $aDireito para economistas, gestores e marketeers
675 ## $a347.7(469)$vBN$zpor$31011023
700 #1 $aRamirez,$bPaulo$3181945
801 #0 $aPT$bBN$gRPC
856 41 $uhttp://rnod.bnportugal.gov.pt/ImagesBN/winlibimg.aspx?skey=&doc=2027654&img=131614&save=true
900 ## $aBIBNAC$d20191108
966 ## $lBN$mFGMON$pDPS - Digital Printing Services$sS.C. 151775 V.
966 ## $lBN$mFGMON$pDPS - Digital Printing Services$sS.C. 151775 V.- D
Etiqueta de registo: 00711cam 2200229 450
001 540604
003 http://id.bnportugal.gov.pt/bib/catbnp/540604
005 19990103000000.0
095 ## $aPTBN00743680
100 ## $a19950622d1993 k y0pory0103 ba
101 0# $apor
102 ## $aPT
105 ## $ay m 001yy
106 ## $ar
200 1# $a O cônjuge sobrevivo e o instituto da colação$bTexto policopiado]$fPaulo Nuno Horta Correia Ramirez
210 #9 $aCoimbra$c[s.n.],$d1993
215 ## $a220 f.$d30 cm
320 ## $aBibliografia, f. 212-220
328 ## $aTese mestr. Ciênc. Jurídico-Civilísticas, Univ. Coimbra, 1993
675 ## $a347.6(043)$vBN$zpor$31230170
700 #1 $aRamirez,$bPaulo$3181945
801 #0 $aPT$bBN$gRPC
966 ## $lBN$mFGMON$sS.C. 72645 V.$x1
Etiqueta de registo: 00942cam 2200289 450
001 978032
003 http://id.bnportugal.gov.pt/bib/catbnp/978032
005 19990625000000.0
010 ## $a972-40-0996-3
021 ## $aPT$b106193/96
095 ## $aPTBN00989276
100 ## $a19980515d1997 m y0pory0103 ba
101 0# $apor
102 ## $aPT
105 ## $ay z 001yy
106 ## $ar
200 1# $a O cônjuge sobrevivo e o Instituto da Colação$e as doações, o casamento e os efeitos sucessórios$fPaulo Nuno Horta Correia Ramirez
210 #9 $aCoimbra$cLiv. Almedina,$d1997
215 ## $a133 p.$d23 cm
320 ## $aBibliografia, p. 127-330
328 ## $aOrig. tese mestr. em Ciências jurídico-civilísticas, Univ. Coimbra, 1993
675 ## $a347.6(469)$vBN$zpor$3303412
700 #1 $aRamirez,$bPaulo$3181945
801 #0 $aPT$bBN$gRPC
966 ## $c2$lBN$mFGMON$sS.C. 79119 V.$x1
966 ## $c2$lBN$mFGMON$sS.C. 79119 V.$x1
Etiqueta de registo: 00000nam 2200025 450
001 1967987
003 http://id.bnportugal.gov.pt/bib/catbnp/1967987
010 ## $a978-972-40-7025-4
021 ## $aPT$b430521/17
100 ## $a20170721d2017 k y0pory01030103ba
101 0# $apor
102 ## $aPT
105 ## $ay z 000yy
106 ## $ar
200 1# $aDireito comercial$fPaulo Ramirez
210 #9 $aCoimbra$cAlmedina,$d2017
215 ## $a311 p.$d23 cm
225 2# $aDireito para economistas, gestores e marketeers
675 ## $a347.7(469)$vBN$zpor$31011023
700 #1 $aRamirez,$bPaulo$3181945
801 #0 $aPT$bBN$gRPC
856 41 $uhttp://rnod.bnportugal.gov.pt/ImagesBN/winlibimg.aspx?skey=&doc=1967987&img=101394&save=true
900 ## $aBIBNAC$d20171213
966 ## $lBN$mFGMON$sS.C. 146723 V.$x1
966 ## $lBN$mFGMON$sS.C. 146723 V.-D$x1
Etiqueta de registo: 00000nam 2200025 450
001 2155545
003 http://id.bnportugal.gov.pt/bib/catbnp/2155545
010 ## $a978-989-40-1551-2
021 ## $aPT$b521491/23
100 ## $a20240206d2023 k y0pory01030103ba
101 0# $apor
102 ## $aPT
105 ## $ay z 000yy
106 ## $ar
200 1# $aDireito comercial$fPaulo Ramirez
205 ## $a4ª ed
210 #9 $aCoimbra$cAlmedina,$d2023
215 ## $a317 p.$d23 cm
225 2# $aDireito para economistas, gestores e marketeers
675 ## $a347.7(469)$vBN$zpor$31011023
675 ## $a347$vBN$zpor$3288035
700 #1 $aRamirez,$bPaulo$3181945
801 #0 $aPT$bBN$gRPC
856 41 $uhttp://rnod.bnportugal.gov.pt/ImagesBN/winlibimg.aspx?skey=&doc=2155545&img=188755&save=true
900 ## $aBIBNAC$d20240220
966 ## $lBN$mFGMON$sS.C. 163535 V.$x1
966 ## $lBN$mFGMON$sS.C. 163535 V.-D$x1
971 ## $cisantos$d20240206
972 ## $e0$z0$d20240220$viquintas